00899nam a2200229 i 4500001000700000003000900007005001700016007000300033008004100036080003000077080003500107100003500142245012200177260003500299300002700334490003700361700004900398830004500447852003200492999001900524952012600543146721ES-MaACL20240228172249.0t|070917q19001999sp ||||1| spa d a929 Shelley, Percy Bysshe a929 Byron, George Gordon Byron1 aTrelawny, Edward John.911129410aShelley y Byron b: (sus últimos días) / cE.J. Trelawny ; versión directa del inglés por R. Cansinos-Assens. aMadrid : bAmérica, c[19--] aXII, 280 p. ; c17 cm.1 aBiblioteca de autores célebres1 aCansinos Asséns, Rafael,d1882-19649346160 aBiblioteca de autores célebres9184044 aES-MaACLjC-28555 bR.55268 c146721d146721 001040708LIBXIXaATENEOMbATENEOMcDEPO2d2008-01-17eSCl0oC-28555p1153130r2023-02-23 00:00:00w2023-02-23yMONANT